000 01647nam a2200217Ia 4500
003 Ost
005 20260507075000.0
008 260507s9999||||xx |||||||||||||| ||und||
040 _cfsecg
041 _aara
082 _a382
100 _aالصرن، رعد حسن
_eمؤلف
245 0 _aأساسيات التجارة الدولية المعاصرة :
_bمدخل تنظيمي تكاملي تحليلي /
_c رعد حسن الصرن
260 _aدمشق:
_bدار الرضاللنشر,
_c2001
300 _a543 صفحة؛
_bإيضاحات ؛
_c24 سم
490 _aسلسلة الرضا للمعلومات
_v119
504 _aببليوغرافيا:ص.535-542؛فهرس الجداول:ص.531-533
520 _aمنظمة التجارة العالمية،المنظمة الدولية للمواصفات والمقاييس،صندوق النقد الدولي ومنهجية حساب مؤشر صندوق النقد الدولي،البنك الدولي للإنشاء والتعمير،بعض المنظمات الأخرى المتخصصة في مجال التجارة الدولية،الاستثمار الأجنبي المباشر،التكامل الاقتصادي الدولي،التكامل الاقتصادي العربي،الشراكة الأوروبية-المتوسطية،بعض نماذج العلاقات الاقتصادية الدولية لسوريا،خصائص الاقتصادات العربية:مقارنات في التجارة الخارجية وأسعار الصرف وموازين المدفوعات،مستقبل التجارة الدولية
653 _aالتجارة الخارجية
942 _cكتاب
999 _c42066
_d42066